01830nam a2200337 450000100030000000300040000300500170000700800410002402000150006504000080008004100130008808200170010110000230011824000210014124500840016225000200024626000330026630000110029949000370031050000720034752008840041965000250130365000100132865000200133865000190135865000100137765500120138765500160139970000400141583000370145586OSt20250528074011.0250123b |||||||d |||| 00| 1 eng d a8501065676 bpor hengapor a028.5bC116p1 aCabot, Meg,d1967- aPrincess in love aA princesa:bApaixonada /cCabot, Meg ; Tradução de Maria Clara de Oliveira a11° edição aRio de JaneirobRecordc2006 a256 p.1 aO diário da PrincesavLivro 03 aA Princesa Apaixonada Sequência de: A princesa sob os refletores aEm A PRINCESA APAIXONADA, Mia divide seu tempo entre três coisas: a preparação para sua irritante entrée na sociedade genoviana, sob a direção de uma não menos irritante avó; os congestionamentos de Manhattan, em Nova York, e as elaboradas desculpas para escapar de Kenny, seu namorado. Afinal, Mia, na verdade, está apaixonada por outro rapaz. O livro é uma indiscreta espiadela num mundo totalmente selvagem. Cada página, o resumo perfeito das agruras e neuroses dos adolescentes. Desde amores não-correspondidos, até dias de cabelo ruim, passando por dúvidas existenciais e movimentos para salvar o planeta. Não esquecendo conflitos nada clássicos com os pais - a mãe de Mia está grávida de um de seus professores e o pai insiste que ela ande numa limusine com seguranças -, festas de arromba, roupas e ensaios para beijos franceses. 0aLiteratura Americana 0aHumor 0aAmor e Paixão 0aInfantojuvenil 0aFilme 0aRomance 0aFicção  aMaria Claudia de OliveiraeTradutor aO diário da princesavLivro 03